000
00433nam a2200157Ia 4500
008
100122s9999 xx 000 0 und d
082
_b
46642
_a
824
100
_a
सप्रे मधुवंती
245
_a
समाजऋण
250
_a
1
260
_b
मेहता पब्लिकेशन हाऊस
_c
1992
300
_a
84
630
_a
समाजऋण
730
_a
समाजऋण
942
_c
BOOK
999
_c
425727
_d
425724